Návrat márnotratnej dcéry alebo Tieta z Agreste (Record no. 22748)
[ view plain ]
| 000 -LEADER | |
|---|---|
| fixed length control field | 01050nam a2200313 aa4500 |
| 001 - CONTROL NUMBER | |
| control field | 22748 |
| 003 - CONTROL NUMBER IDENTIFIER | |
| control field | CZ PrNK |
| 005 - DATE AND TIME OF LATEST TRANSACTION | |
| control field | 20260422161810.0 |
| 007 - PHYSICAL DESCRIPTION FIXED FIELD--GENERAL INFORMATION | |
| fixed length control field | ta |
| 008 - FIXED-LENGTH DATA ELEMENTS--GENERAL INFORMATION | |
| fixed length control field | 181106s1987 xo 000 1 slo |
| 040 ## - CATALOGING SOURCE | |
| Original cataloging agency | ABA001 |
| Language of cataloging | cze |
| 041 1# - LANGUAGE CODE | |
| Language code of text/sound track or separate title | slo |
| Language code of original | por |
| 072 #7 - SUBJECT CATEGORY CODE | |
| Subject category code | 821.134.3 |
| Subject category code subdivision | Portugalská literatura, portugalsky psaná |
| Source | Konspekt |
| 080 ## - UNIVERSAL DECIMAL CLASSIFICATION NUMBER | |
| Universal Decimal Classification number | 821.134.3(81)-3 |
| Edition identifier | MRF |
| 100 1# - MAIN ENTRY--PERSONAL NAME | |
| Personal name | Amado, Jorge, |
| Dates associated with a name | 1912-2001 |
| Relationship | aut |
| 245 10 - TITLE STATEMENT | |
| Title | Návrat márnotratnej dcéry alebo Tieta z Agreste |
| Statement of responsibility, etc. | Jorge Amado ; [preložil Vladimír Oleríny] |
| 246 30 - VARYING FORM OF TITLE | |
| Title proper/short title | Tieta z Agreste |
| 250 ## - EDITION STATEMENT | |
| Edition statement | 1. vyd. |
| 260 ## - PUBLICATION, DISTRIBUTION, ETC. | |
| Place of publication, distribution, etc. | Bratislava : |
| Name of publisher, distributor, etc. | Slovenský spisovateľ, |
| Date of publication, distribution, etc. | 1987 |
| 300 ## - PHYSICAL DESCRIPTION | |
| Extent | 2 sv. (351; 368 s.) |
| Dimensions | 8° |
| 490 1# - SERIES STATEMENT | |
| Series statement | Spoločnosť priateľov krásnych kníh ; |
| Volume/sequential designation | zv. 480 |
| 500 ## - GENERAL NOTE | |
| General note | Přeloženo z portugalštiny |
| 655 #7 - INDEX TERM--GENRE/FORM | |
| Genre/form data or focus term | brazilské prózy |
| Source of term | czenas |
| 700 1# - ADDED ENTRY--PERSONAL NAME | |
| Personal name | Oleríny, Vladimír, |
| Dates associated with a name | 1921-2016 |
| Relationship | trl |
| 765 0# - ORIGINAL LANGUAGE ENTRY | |
| Title | Tieta do Agreste |
| 830 #0 - SERIES ADDED ENTRY--UNIFORM TITLE | |
| Uniform title | Spoločnosť priateľov krásnych kníh (Slovenský spisovateľ) |
| 910 ## - USER-OPTION DATA (OCLC) | |
| User-option data | ABA001 |
| 942 ## - ADDED ENTRY ELEMENTS (KOHA) | |
| Source of classification or shelving scheme | Dewey Decimal Classification |
| Koha item type | Krásna literatúra pre dospelých |
| Suppress in OPAC | No |
| Stav vyradenia | Strata | Poškodenie | Spôsob nadobudnutia | Domovská knižnica | Aktuálna knižnica | Dátum nadobudnutia | Total checkouts | Čiarový kód exemplára | Date last seen | Typ exemplára |
|---|---|---|---|---|---|---|---|---|---|---|
| Dar | Obecná knižnica Folkušová | Obecná knižnica Folkušová | 22.04.2026 | 4734401077 | 22.04.2026 | Krásna literatúra pre dospelých |
